000 00397nam a22001577a 4500
999 _c10658
_d10658
003 OSt
008 210520b ||||| |||| 00| 0 eng d
020 _a9789380308465
100 _aCHAKRABORTY,JN
245 _aFundamentals and Practices in Colouration of Textiles
250 _a2nd
260 _aNew Delhi
_bWoodhead Publishing
_c2020
300 _a554
650 _aTextile
942 _2ddc
_cBK